Juegos para pensar

Gardado en:
Detalles Bibliográficos
Autor Principal: Fisher, Robert (Author)
Formato: Libro
Idioma:Lingua castelá
Publicado: Barcelona Ediciones Obelisco 2008
Edición:3a. ed
Subjects:
Tags: Engadir etiqueta
Sen Etiquetas, Sexa o primeiro en etiquetar este rexistro!

MARC

LEADER 00000cam a2200000 a 4500
001 UCF7989
003 CL-VaPUC
008 130718e20080100SP |||||||||||||||||spa|d
020 |a 9788477209737 
082 0 4 |a 370  |b FIS  |2 21 
100 0 |a Fisher, Robert  |e author  |9 518998 
245 1 0 |a Juegos para pensar 
250 |a 3a. ed 
300 |a 253 p 
942 |c BK 
945 |d 20130718 00:00:00  |a dcastane 
260 |a Barcelona  |b Ediciones Obelisco  |c 2008 
650 0 |a Educación básica   |9 224933 
650 0 |a Educación superior   |9 223851 
650 7 |a JUEGOS DE INGENIO  |2 CL-VaPUC  |9 502262 
650 7 |a JUEGOS DE LOGICA  |2 CL-VaPUC  |9 395887 
583 |a last modification  |c 20130718 10:54:00  |k Rodrigo Vera 
999 |c 352691  |d 352689 
952 |0 0  |1 0  |4 0  |6 370_000000000000000_FIS_2008  |7 0  |8 C  |9 457297  |a BIBCUR  |b BIBCUR  |d 2019-11-22  |i 4989465  |l 2  |m 1  |o 370 FIS 2008  |p 4989465  |r 2025-04-22  |s 2025-03-31  |w 2019-11-22  |y BK  |k EXP